00530cam a2200169ua 450000100060000000800390000604000090004504100080005408200120006210000330007424501120010725000120021926000390023130000100027065300210028065300590030111055190807n ii |||gr||||Z||||||asm cMAIN aasm a954.035 aLakshminath Tamuly,eAuthor. aBharatar swadhinata sangramat Asamar abadan : bsanghat aru sahajogitar itihas / cBy Lakshminath Tamuly .  a4th ed. aGuwahati:bJyoti prakashan,c2017. a351p. aSouth Asia India aContribution of Assam in the freedom struggle of India